Catálogo

¿Arde París? : (Registro nro. 42454)

Detalles MARC
000 -LEADER
fixed length control field 01282cam a2200337 i 4500
001 - CONTROL NUMBER
control field 42454
003 - CONTROL NUMBER IDENTIFIER
control field Mx-PuUPA
005 - DATE AND TIME OF LATEST TRANSACTION
control field 20251028114336.0
008 - FIXED-LENGTH DATA ELEMENTS--GENERAL INFORMATION
fixed length control field 140415s1965 mx a gr 001 0 spa d
040 ## - CATALOGING SOURCE
Transcribing agency Mx-PuUPA
Original cataloging agency Mx-PuUPA
Language of cataloging spa
Modifying agency Mx-PuUPA
Description conventions rda
041 1# - LANGUAGE CODE
Language code of text/sound track or separate title spa
Language code of original eng
043 ## - GEOGRAPHIC AREA CODE
Geographic area code e-fr---
100 1# - MAIN ENTRY--PERSONAL NAME
Personal name Lapierre, Dominique,
Dates associated with a name 1931-
9 (RLIN) 13783
Relator term autor
240 13 - UNIFORM TITLE
Uniform title Is Paris burning?
Language of a work Español
245 11 - TITLE STATEMENT
Title ¿Arde París? :
Remainder of title historia de la liberación de París /
Statement of responsibility, etc. Dominique Lapierre y Larry Collins ; traductor, René Cárdenas Barrios
250 ## - EDITION STATEMENT
Edition statement 3a. edición /
Remainder of edition statement diciembre
264 #1 - PRODUCTION, PUBLICATION, DISTRIBUTION, MANUFACTURE, AND COPYRIGHT NOTICE
Place of production, publication, distribution, manufacture México, D.F. :
Name of producer, publisher, distributor, manufacturer Editorial Diana,
Date of production, publication, distribution, manufacture, or copyright notice ©1965
300 ## - PHYSICAL DESCRIPTION
Extent 383 páginas, 24 láminas sin numerar :
Other physical details ilustraciones (blanco y negro) ;
Dimensions 22 cm
336 ## - CONTENT TYPE
Fuente rdacontent
Content type term texto
Content type code txt
337 ## - MEDIA TYPE
Source rdamedia
Media type term sin medio
Media type code n
338 ## - CARRIER TYPE
Source rdacarrier
Carrier type term volumen
Carrier type code nc
650 #7 - SUBJECT ADDED ENTRY--TOPICAL TERM
Source of heading or term armarc
Topical term or geographic name entry element Guerra Mundial
Chronological subdivision 1939-1945
Geographic subdivision Francia
-- París
651 14 - SUBJECT ADDED ENTRY--GEOGRAPHIC NAME
Geographic name París (Francia)
General subdivision Historia
Chronological subdivision 1940-1944
700 1# - ADDED ENTRY--PERSONAL NAME
Personal name Collins, Larry,
Relator term autor
700 1# - ADDED ENTRY--PERSONAL NAME
Personal name Collins, Larry,
Relator term traductor
765 0# - ORIGINAL LANGUAGE ENTRY
Main entry heading Lapierre, Dominique
Title Is Paris burning?
942 ## - ADDED ENTRY ELEMENTS (KOHA)
Source of classification or shelving scheme Dewey Decimal Classification
Koha item type Libro
Classification part 940.542121
Item part L2518
Existencias
Withdrawn status Lost status Source of classification or shelving scheme Damaged status Not for loan Collection code Home library Current library Shelving location Date acquired Source of acquisition Cost, normal purchase price Total Checkouts Full call number Barcode Date last seen Cost, replacement price Price effective from Koha item type
    Dewey Decimal Classification     General Biblioteca Karol Wojtyla Biblioteca Karol Wojtyla Sala general 03/12/2013 Donación 0.00   940.542121 L2518 1965 63785 05/01/2026 0.00 03/12/2013 Libro